Statistiques concernant Trouve les paroles - Voici les clés - Gérard Lenorman

Cliquez ici pour prendre le quiz!

Statistiques générales

  • Ce quiz a été pris 35 fois
  • Le résultat moyen est 196 sur 247

Statistiques - réponses

Réponse% Correct
A
100%
à
100%
clés
100%
le
100%
les
100%
Voici
100%
ça
97%
ne
97%
Ne
97%
Pas
97%
pas
97%
ta
97%
de
93%
la
93%
Et
90%
et
90%
Je
90%
je
90%
90%
perd
90%
tu
90%
Tu
90%
au
86%
cas
86%
changerais
86%
d'avis
86%
des
86%
Nicolas
86%
n'oublie
86%
t'aime
86%
tes
86%
Car
83%
folie
83%
pour
83%
santé
83%
sur
83%
me
79%
Moi
79%
moi
79%
on
79%
pont
79%
soupirs
79%
amours
76%
jamais
76%
mes
76%
peut
76%
servir
76%
ton
76%
bonheur
72%
En
72%
en
72%
l'anniversaire
72%
or
72%
que
72%
sait
72%
sont
72%
champagne
69%
elles
69%
Elles
69%
froid
69%
il
69%
plus
69%
dix-huit
66%
n'attend
66%
toi
66%
aime
62%
bouge
62%
chaud
62%
communion
62%
mois
62%
trouver
62%
aussi
59%
bien
59%
chance
59%
depuis
59%
lui
59%
Quand
59%
rêves
59%
sais
59%
si
59%
d'amour
55%
fais
55%
par
55%
t'emmener
55%
t'en
55%
voyage
55%
Italie
52%
longtemps
52%
vais
52%
j'allais
48%
n'est
48%
toujours
48%
ce
45%
perdant
45%
petit
45%
chien
41%
contents
41%
eux
41%
J'ai
41%
j'ai
41%
n'ouvraient
41%
qu'il
34%
tenir
34%
faut
31%
Appelle-moi
21%
bouquins
17%

Distribution des résultats

Percentile par nombre de réponses

% des personnes avec chaque résultat

Votre développement - résultats

Vous n’avez pas pris ce quiz